00803cam a2200229 a 450000100100000000500170001000800410002702000150006804000290008308200180011224500710013026000290020130000300023065000290026065000350028965000260032470000440035091000340039404900090042895201210043799900150055800000886920240411074000.0800328s1978 sp b b 000 1 spa  a8435901416 aDO-SdBNPbspacLCdBNPHU a863.44bC965c00aCuentos del caribe /c[compilador Leonardo Fernández Marcané]. aMadrid :bPlayor,c1978. a280 p. :bmaps. ;c24 cm. 0aCuentos dominicanos9176 4aCuentos puertorriqueños9249 4aCuentos cubanos914821 aFernández Marcané, Leonardo.923423 aCatalogación por copia / LC aBNGR 001052708MOaGRbGRcCTd2009-09-19iLF1l0o863.44 C965cp8869-10r2020-06-25w2020-06-25y2ZPréstamo interno c8638d8638